[Event "7th Edmonton International"]
[Site "Edmonton"]
[Date "2012.07.02"]
[Round "9"]
[White "Kovalyov, Anton"]
[Black "Mikhalevski, Victor"]
[Result "1/2-1/2"]
[WhiteElo "2619"]
[BlackElo "2519"]
[Annotator " "]
[PlyCount "60"]
[EventDate "2012.06.27"]
[EventType "tourn"]
[EventRounds "9"]
[EventCountry "CAN"]
[EventCategory "6"]
[TimeControl "5400"]

1. Nf3 Nf6 2. c4 g6 3. Nc3 d5 4. cxd5 Nxd5 5. Qb3 Nb6 6. d4 Bg7 7. Bf4 Be6 8.
Qa3 Bc4 9. e4 Bxf1 10. Rxf1 O-O 11. O-O-O c6 12. h4 Qd7 13. h5 Qg4 14. Bg3 Qxh5
15. Rh1 Qg4 16. Qxe7 N8d7 17. Rh4 Qe6 18. Qxe6 fxe6 19. Kc2 Rae8 20. Bd6 Rf7
21. Rf4 Rxf4 22. Bxf4 c5 23. dxc5 Nxc5 24. Be5 Rc8 25. Rd4 Nca4 26. Kb3 Nc5+
27. Kc2 Nca4 28. Kb3 Nc5+ 29. Kc2 Nca4 30. Kb3 Nc5+ 1/2-1/2

[Event "7th Edmonton International"]
[Site "Edmonton"]
[Date "2012.07.02"]
[Round "9"]
[White "Krush, Irina"]
[Black "Porper, Edward"]
[Result "1-0"]
[WhiteElo "2457"]
[BlackElo "2414"]
[Annotator " "]
[PlyCount "219"]
[EventDate "2012.06.27"]
[EventType "tourn"]
[EventRounds "9"]
[EventCountry "CAN"]
[EventCategory "6"]
[TimeControl "5400"]

1. c4 Nf6 2. Nc3 Nc6 3. g3 e5 4. Bg2 Bc5 5. e3 O-O 6. Nge2 a6 7. O-O Ba7 8. b3
d6 9. Bb2 Bf5 10. h3 h5 11. f4 Qd7 12. Kh2 Bd3 13. Rf2 Rfe8 14. Nc1 Bg6 15. Qf1
exf4 16. gxf4 Bf5 17. Nd5 Nxd5 18. cxd5 Nb4 19. a3 Nc2 20. Ra2 f6 21. Re2 Qf7
22. Bc3 Bxe3 23. dxe3 Nxe3 24. Qg1 Nxg2 25. Qxg2 Kh7 26. Rxe8 Rxe8 27. Re2 Re7
28. Qf3 Kh6 29. Bd2 Qe8 30. Rxe7 Qxe7 31. Ne2 Qe4 32. Qxe4 Bxe4 33. Nc3 Bc2 34.
b4 Kg6 35. Kg3 Kf5 36. h4 c6 37. dxc6 bxc6 38. Kf3 Bb3 39. Be1 Bc4 40. Bf2 Bb3
41. Ke3 Bc2 42. Ne2 c5 43. Ng3+ Kg4 44. Ne4 cxb4 45. axb4 Ba4 46. Nxd6 Bc6 47.
Ne4 Bb5 48. Nc5 Kf5 49. Kf3 Bc6+ 50. Kg3 Bb5 51. Nb3 Bc4 52. Nd2 Be2 53. Nf3
Ke4 54. Ng1 Bg4 55. Bc5 Kf5 56. Be7 Bd1 57. Nh3 Bg4 58. Bf8 g6 59. Be7 Ke6 60.
Bd8 Kf5 61. Ng1 Bd1 62. Nf3 Ke4 63. Ne1 f5 64. Bb6 Bg4 65. Nc2 Be2 66. Nd4 Bc4
67. Nc6 Bb5 68. Ne5 Be8 69. Ba7 Ba4 70. Nxg6 Kd3 71. Ne5+ Ke2 72. Nf3 Bd7 73.
Nd4+ Kd3 74. Bc5 Bc8 75. Kf2 Bd7 76. Nf3 Ba4 77. Bd6 Bd1 78. Ne5+ Kd4 79. Ke1
Bb3 80. Kd2 Be6 81. Nd3 Bc4 82. Be5+ Ke4 83. Ne1 Bf1 84. Nc2 Bb5 85. Nd4 Bd7
86. Kc3 Kd5 87. Kd3 Be8 88. Nc2 Bb5+ 89. Kc3 Ke4 90. Nd4 Bf1 91. Kb3 Bd3 92.
Ka4 Ke3 93. Ne6 Kf3 94. Bf6 Bc4 95. Ng7 Kxf4 96. Nxh5+ Kg4 97. Ng7 f4 98. h5 f3
99. Bd4 Kg5 100. Be3+ Kf6 101. Ne8+ Ke5 102. Ka5 Be2 103. h6 Bd3 104. Nc7 Kf6
105. Nxa6 Kg6 106. Nc5 Bf5 107. b5 f2 108. Bxf2 Kxh6 109. b6 Bc8 110. Kb5 1-0

[Event "2012 Calgary Summer Open"]
[Site "Calgary"]
[Date "2012.07.22"]
[Round "4"]
[White "Rekhson, Vladislav"]
[Black "Miller, David"]
[Result "1/2-1/2"]
[WhiteElo "2141"]
[BlackElo "2057"]
[PlyCount "74"]
[EventDate "2012.07.21"]
[EventType "swiss"]
[EventRounds "5"]
[EventCountry "CAN"]

1. e4 c5 2. Nf3 d6 3. d4 cxd4 4. Qxd4 Nc6 5. Bb5 Bd7 6. Bxc6 Bxc6 7. Nc3 Nf6 8.
Bg5 e6 9. O-O-O Be7 10. Qd3 a6 11. Nd4 Bd7 12. f4 Qc7 13. Kb1 h6 14. Bxf6 gxf6
15. Rhe1 b5 16. Nf5 b4 17. e5 fxe5 18. fxe5 dxe5 19. Nxe7 bxc3 20. Ng6 Qb7 21.
b3 Bb5 22. Qd6 Rg8 23. Nxe5 Qe7 24. a4 Qxd6 25. Rxd6 Ke7 26. Rd4 f6 27. axb5
fxe5 28. Ra4 axb5 29. Rxa8 Rxa8 30. Rxe5 Rd8 31. Rxb5 Rd1+ 32. Ka2 Rc1 33. b4
Rxc2+ 34. Kb3 Rxg2 35. Rh5 c2 36. Kb2 Kd6 37. Rxh6 Kd5 1/2-1/2

[Event "ECC Frank Anderson Memorial"]
[Site "Edmonton"]
[Date "2012.08.23"]
[Round "4"]
[White "Wang, Richard"]
[Black "Miller, David"]
[Result "0-1"]
[WhiteElo "2477"]
[BlackElo "2112"]
[PlyCount "138"]
[EventDate "2012.08.02"]
[EventType "swiss"]
[EventRounds "5"]
[EventCountry "CAN"]

1. d4 Nf6 2. Nf3 g6 3. Bg5 Bg7 4. Nbd2 O-O 5. c3 d6 6. e4 c5 7. dxc5 dxc5 8.
Bc4 Nc6 9. O-O Bg4 10. Qc2 Qc7 11. Rfe1 Nd7 12. h3 Bxf3 13. Nxf3 Nde5 14. Nxe5
Nxe5 15. Be2 c4 16. Rad1 Rfd8 17. Be3 b5 18. f4 Bh6 19. g3 Nd7 20. a4 g5 21. e5
gxf4 22. Bxf4 Bxf4 23. gxf4 Qc5+ 24. Kg2 bxa4 25. e6 Nf6 26. Bf3 Rab8 27. Re5
Qb6 28. exf7+ Kf8 29. Rxd8+ Rxd8 30. Qe2 Qc7 31. Bg4 Rd3 32. Bf5 a3 33. bxa3
Rxc3 34. Be6 h6 35. Kh2 Qc6 36. Qb2 Rb3 37. Qd4 Rd3 38. Qb2 Rb3 39. Qf2 Rb1 40.
Qg2 Qxg2+ 41. Kxg2 Rb2+ 42. Kf1 Rb1+ 43. Ke2 Rb2+ 44. Ke3 Rb3+ 45. Kd4 Rxa3 46.
Re1 Nh5 47. Kxc4 Nxf4 48. h4 Nxe6 49. Rxe6 Ra4+ 50. Kd5 Rxh4 51. Ra6 Kxf7 52.
Rxa7 Rg4 53. Ke5 h5 54. Kf5 Rg8 55. Ra4 e6+ 56. Ke5 Rg5+ 57. Kd6 Rd5+ 58. Kc6
Kf6 59. Rf4+ Rf5 60. Re4 e5 61. Re1 h4 62. Kd5 h3 63. Ke4 Rf4+ 64. Ke3 Kg5 65.
Rg1+ Kh4 66. Rg8 h2 67. Rh8+ Kg3 68. Rg8+ Rg4 69. Rh8 Kg2 0-1

[Event "2012 Battle of Alberta"]
[Site "Red Deer"]
[Date "2012.08.18"]
[Round "2.3"]
[White "Pechenkin, Vladimir"]
[Black "Zhang, David"]
[Result "1/2-1/2"]
[WhiteElo "2425"]
[BlackElo "2285"]
[PlyCount "56"]
[EventDate "2012.08.18"]
[EventType "team-match"]
[EventRounds "2"]
[EventCountry "CAN"]
[WhiteTeam "North"]
[BlackTeam "South"]
[WhiteTeamCountry "CAN"]
[BlackTeamCountry "CAN"]
[TimeControl "5400"]

1. c4 c6 2. g3 d5 3. Nf3 Nf6 4. Bg2 g6 5. b3 Bg7 6. Bb2 dxc4 7. bxc4 Qb6 8. Qb3
O-O 9. O-O Rd8 10. d3 Na6 11. Nc3 Nc5 12. Qc2 Bf5 13. Rab1 Nxd3 14. exd3 Bxd3
15. Qb3 Qxb3 16. axb3 Nd7 17. Na4 b5 18. cxb5 cxb5 19. Bxg7 Kxg7 20. Nb2 Bxb1
21. Rxb1 Nb6 22. Re1 e6 23. Bf1 a6 24. Ra1 Nd5 25. Nd3 Rdc8 26. Nd4 Kf6 27. f4
Nc3 28. Bg2 Ra7 1/2-1/2

[Event "Over 1800"]
[Site "Edmonton"]
[Date "2012.09.01"]
[Round "3"]
[White "Pechenkin, Vladimir"]
[Black "Zeggelaar, Mike"]
[Result "1-0"]
[WhiteElo "2333"]
[BlackElo "1967"]
[PlyCount "53"]
[EventDate "2012.09.01"]
[EventType "swiss"]
[EventRounds "5"]
[EventCountry "CAN"]

1. d4 Nf6 2. Bg5 c5 3. Bxf6 gxf6 4. d5 d6 5. c4 Bf5 6. Nc3 Qa5 7. Qd2 h5 8. f4
Na6 9. a3 Nb4 10. Rc1 Na6 11. e4 Bd7 12. Bd3 e5 13. Nge2 Rg8 14. Ng3 Bh6 15.
Nxh5 Ke7 16. O-O Bg4 17. Nxf6 Kxf6 18. fxe5+ Kg7 19. Rxf7+ Kxf7 20. Qxh6 Rg7
21. Rf1+ Kg8 22. exd6 Qd8 23. e5 Qg5 24. Qxg5 Rxg5 25. Ne4 Rg7 26. Nf6+ Kh8 27.
Rf4 1-0

[Event "Over 1800"]
[Site "Edmonton"]
[Date "2012.09.02"]
[Round "4"]
[White "Pechenkin, Vladimir"]
[Black "Wang, Richard"]
[Result "1-0"]
[WhiteElo "2333"]
[BlackElo "2361"]
[PlyCount "127"]
[EventDate "2012.09.01"]
[EventType "swiss"]
[EventRounds "5"]
[EventCountry "CAN"]

1. d4 d5 2. c4 c6 3. Nf3 Nf6 4. Nc3 dxc4 5. a4 Bf5 6. Ne5 Nbd7 7. Nxc4 Nb6 8.
Ne5 a5 9. Bg5 g6 10. e3 Bg7 11. Bd3 Bxd3 12. Nxd3 Nfd5 13. Qb3 O-O 14. O-O Qd6
15. Bh4 Nd7 16. Bg3 e5 17. Nxd5 Qxd5 18. Qxd5 cxd5 19. Nxe5 Nxe5 20. dxe5 Rfe8
21. Rfd1 Rad8 22. Bh4 Rc8 23. f4 Rc4 24. Bf2 f6 25. exf6 Bxf6 26. b3 Rb4 27.
Rab1 d4 28. exd4 Rd8 29. d5 Rxf4 30. Bb6 Rd7 31. Rd3 Bd8 32. Bxd8 Rxd8 33. Rc1
Rf6 34. Rc7 b6 35. h3 Rfd6 36. Re3 R8d7 37. Rxd7 Rxd7 38. Re6 Rxd5 39. Rxb6 Rd2
40. Rb5 Rb2 41. Kh2 Kg7 42. Kg3 h6 43. h4 Kf6 44. Kf3 h5 45. g3 Rc2 46. Ke4 Rc3
47. Kf4 Rd3 48. Rxa5 Rxb3 49. Rb5 Ra3 50. a5 Kg7 51. Rg5 Ra1 52. Ke4 Kf6 53.
Kd4 Ra4+ 54. Kc3 Ra1 55. Kb4 Ra2 56. Kb5 Rb2+ 57. Kc6 Rc2+ 58. Kb6 Rb2+ 59. Rb5
Re2 60. a6 Re6+ 61. Ka5 Re7 62. Rc5 Re3 63. a7 Rxg3 64. Kb6 1-0

[Event "Over 1800"]
[Site "Edmonton"]
[Date "2012.09.02"]
[Round "5"]
[White "Yearwood, Roy"]
[Black "Pechenkin, Vladimir"]
[Result "0-1"]
[WhiteElo "2065"]
[BlackElo "2333"]
[PlyCount "94"]
[EventDate "2012.09.01"]
[EventType "swiss"]
[EventRounds "5"]
[EventCountry "CAN"]

1. e4 Nf6 2. Nc3 d5 3. e5 Nfd7 4. f4 c5 5. Nf3 Nc6 6. g4 e6 7. Bg2 a6 8. O-O
Be7 9. Ne2 f6 10. d4 cxd4 11. Nexd4 Nxd4 12. Nxd4 fxe5 13. fxe5 Rf8 14. Bf4 g5
15. Bg3 Rxf1+ 16. Kxf1 Nf8 17. Qd3 Bd7 18. b3 Rc8 19. c4 dxc4 20. bxc4 Qc7 21.
Rc1 b6 22. Rc2 Ba4 23. Nb3 Bc6 24. Be4 Bxe4 25. Qxe4 Qc6 26. Qxc6+ Rxc6 27. Nd4
Rc7 28. Ke2 Bc5 29. Bf2 Rf7 30. Be3 h6 31. Nf3 Bxe3 32. Kxe3 Rf4 33. h3 Nd7 34.
Nd4 Nxe5 35. Nxe6 Nxc4+ 36. Kd3 Ne5+ 37. Ke3 Ra4 38. Rc7 Nd7 39. Ng7+ Kd8 40.
Rc2 Ra3+ 41. Ke4 Rxh3 42. Nf5 Nf6+ 43. Ke5 Nxg4+ 44. Ke6 Rh2 45. Rc6 Re2+ 46.
Kd6 Ne5 47. Rc1 Nf7+ 0-1

[Event "Under 1800"]
[Site "Edmonton"]
[Date "2012.09.01"]
[Round "1"]
[White "Lau, Julian"]
[Black "Roberts, Richard"]
[Result "0-1"]
[WhiteElo "1003"]
[BlackElo "1495"]
[PlyCount "46"]
[EventDate "2012.09.01"]
[EventType "swiss"]
[EventRounds "5"]
[EventCountry "CAN"]

1. e4 c5 2. Nf3 e6 3. d4 cxd4 4. Nxd4 Nc6 5. c3 a6 6. Be3 Nf6 7. f3 d5 8. Bd3
Bd6 9. O-O Bd7 10. Nd2 Ne5 11. Bf4 Nh5 12. Bxe5 Bxe5 13. Re1 Qh4 14. h3 Qg3 15.
exd5 Qh2+ 16. Kf2 Bg3+ 17. Ke2 Nf4+ 18. Ke3 Nxg2+ 19. Ke4 Nxe1 20. Ne2 exd5+
21. Kxd5 Bc6+ 22. Kc5 Nxd3+ 23. Kb6 Bc7# 0-1

[Event "Calgary CC September Open"]
[Site "Calgary"]
[Date "2012.09.25"]
[Round "4"]
[White "Watson, Walter"]
[Black "Rekhson, Vladislav"]
[Result "0-1"]
[WhiteElo "1889"]
[BlackElo "2152"]
[PlyCount "80"]
[EventDate "2012.09.04"]
[EventType "swiss"]
[EventRounds "4"]
[EventCountry "CAN"]

1. c4 Nf6 2. g3 d6 3. Bg2 e5 4. Nc3 c6 5. d4 exd4 6. Qxd4 Be7 7. e4 O-O 8. Nge2
Na6 9. a3 Nc5 10. Rb1 Nb3 11. Qd1 Nxc1 12. Qxc1 Ng4 13. h3 Ne5 14. O-O Nxc4 15.
Rd1 f5 16. Rd4 Ne5 17. f4 Nd7 18. b4 fxe4 19. Nxe4 Nf6 20. Ng5 d5 21. Kh2 a5
22. Nc3 h6 23. Nf3 Bf5 24. Rb2 axb4 25. axb4 Ne4 26. Rd1 Ra3 27. Nxe4 Bxe4 28.
Nd4 Bxg2 29. Kxg2 Qd7 30. Rb1 Ra2+ 31. Rd2 Rfa8 32. Rbb2 Rxb2 33. Qxb2 Ra4 34.
Re2 Rxb4 35. Qc3 Rc4 36. Qa1 c5 37. Ne6 d4 38. Qa8+ Kh7 39. Nf8+ Bxf8 40. Qxf8
d3 0-1

[Event "ECC Autumn Open"]
[Site "Edmonton"]
[Date "2012.09.27"]
[Round "4"]
[White "Wang, Richard"]
[Black "Gardner, Robert"]
[Result "0-1"]
[WhiteElo "2459"]
[BlackElo "2353"]
[PlyCount "60"]
[EventDate "2012.09.06"]
[EventType "swiss"]
[EventRounds "4"]
[EventCountry "CAN"]

1. d4 Nf6 2. Nf3 c5 3. d5 b5 4. Bg5 Ne4 5. Bh4 Bb7 6. Qd3 Qa5+ 7. Nbd2 f5 8. g4
c4 9. Qd4 c3 10. Nb3 Qb6 11. bxc3 Qxd4 12. Nfxd4 Nxc3 13. gxf5 Bxd5 14. f3 e5
15. fxe6 Ba3 16. e4 Bc4 17. Kd2 Bb2 18. Re1 dxe6 19. Ke3 e5 20. Nf5 O-O 21.
Bxc4+ bxc4 22. Nd2 Nxa2 23. Nxc4 Bc3 24. Rd1 g6 25. Ne7+ Kg7 26. Kf2 Bd4+ 27.
Kg2 Nc3 28. Rd2 a5 29. Bf2 Bxf2 30. Kxf2 Nxe4+ 0-1

[Event "Zeggelaar vs. Pua Match"]
[Site "Edmonton"]
[Date "2012.09.27"]
[Round "1"]
[White "Pua, Richard"]
[Black "Zeggelaar, Mike"]
[Result "1-0"]
[WhiteElo "2004"]
[BlackElo "2031"]
[PlyCount "95"]
[EventDate "2012.09.27"]
[EventType "match"]
[EventRounds "4"]
[EventCountry "CAN"]

1. d4 Nf6 2. Bg5 Ne4 3. Bf4 d5 4. e3 e6 5. f3 Nf6 6. g4 Bd6 7. Bg3 Bxg3+ 8.
hxg3 Qd6 9. Kf2 e5 10. g5 Nfd7 11. Qd3 exd4 12. exd4 Qg6 13. Nc3 Qxd3 14. Bxd3
c6 15. Re1+ Kf8 16. Re3 Nb6 17. Nge2 Nc4 18. Bxc4 dxc4 19. g4 Na6 20. a3 Bd7
21. Nf4 Re8 22. Ne4 Nc7 23. Nd6 Rxe3 24. Kxe3 b5 25. g6 Ke7 26. Rxh7 fxg6 27.
Nxg6+ Kxd6 28. Rxh8 Nd5+ 29. Kf2 a5 30. Ne5 c5 31. Nxd7 cxd4 32. Rh5 Ne3 33.
Rxb5 Nxc2 34. Ke2 d3+ 35. Kd2 Nd4 36. Rh5 Nxf3+ 37. Kd1 Kxd7 38. Rc5 Kd6 39.
Rxc4 Kd5 40. Ra4 Ne5 41. Rxa5+ Kd4 42. Rxe5 Kxe5 43. a4 Kf4 44. a5 Kxg4 45. a6
Kh3 46. a7 g5 47. a8=Q g4 48. Qh1+ 1-0

[Event "2012 Alberta Open"]
[Site "Calgary"]
[Date "2012.10.06"]
[Round "1"]
[White "Li, Zeling"]
[Black "Schibler, Jordan"]
[Result "0-1"]
[WhiteElo "936"]
[BlackElo "1844"]
[PlyCount "82"]
[EventDate "2012.10.06"]
[EventType "swiss"]
[EventRounds "6"]
[EventCountry "CAN"]

1. e4 c5 2. Nf3 Nc6 3. Nc3 g6 4. Bc4 Bg7 5. d3 d6 6. h3 e5 7. Be3 Na5 8. Bd5
Ne7 9. a3 Nxd5 10. Nxd5 Nc6 11. O-O O-O 12. c3 f5 13. Qb3 Kh8 14. Bg5 Qd7 15.
Nd2 h6 16. Bh4 g5 17. Bg3 f4 18. Bh2 Na5 19. Qc2 b6 20. c4 Nc6 21. Qd1 Qf7 22.
Qa4 Bd7 23. Qd1 Nd4 24. Nf3 Nc6 25. Nd2 h5 26. b4 g4 27. h4 Bh6 28. b5 Nd4 29.
Nb3 Nxb3 30. Qxb3 Be6 31. g3 f3 32. a4 Rab8 33. a5 bxa5 34. Rxa5 Bxd5 35. cxd5
Rb6 36. Rfa1 Rfb8 37. Rxa7 Rxb5 38. Qxb5 Qxa7 39. Rxa7 Rxb5 40. Ra1 Bd2 41. Kf1
Ra5 0-1

[Event "2012 Alberta Open"]
[Site "Calgary"]
[Date "2012.10.06"]
[Round "1"]
[White "McKay, Tom"]
[Black "Ebrahim-Shirazi, Behrooz"]
[Result "1-0"]
[WhiteElo "1505"]
[BlackElo "2051"]
[PlyCount "72"]
[EventDate "2012.10.06"]
[EventType "swiss"]
[EventRounds "6"]
[EventCountry "CAN"]

1. e4 e6 2. d4 d5 3. Nd2 Nf6 4. e5 Nfd7 5. Ngf3 c5 6. c3 Nc6 7. Nb3 c4 8. Nbd2
Rb8 9. a4 Qa5 10. b4 Qc7 11. Be2 Be7 12. O-O O-O 13. Qc2 f6 14. exf6 Bxf6 15.
Ba3 b5 16. axb5 Rxb5 17. Qa4 a6 18. Rfe1 Nb6 19. Qc2 g6 20. Bc1 Bg7 21. Nb1 e5
22. Na3 exd4 23. Nxb5 axb5 24. cxd4 Nxd4 25. Nxd4 Bxd4 26. Bb2 Bxf2+ 27. Kh1
Bxe1 28. Rxe1 Na4 29. Bf3 Rxf3 30. gxf3 c3 31. Bc1 Bf5 32. Qe2 Qd7 33. Qe5 c2
34. Bh6 Nb6 35. Qd4 c1=Q 36. Bxc1 Na8 1-0

[Event "2012 Alberta Open"]
[Site "Calgary"]
[Date "2012.10.06"]
[Round "1"]
[White "Migrino, Quirck"]
[Black "Bentley, Bill"]
[Result "0-1"]
[WhiteElo "1202"]
[BlackElo "1900"]
[PlyCount "76"]
[EventDate "2012.10.06"]
[EventType "swiss"]
[EventRounds "6"]
[EventCountry "CAN"]

1. e4 e6 2. d4 d5 3. Nc3 Nf6 4. e5 Nfd7 5. Bd3 c5 6. Nf3 Nc6 7. Be3 cxd4 8.
Nxd4 Ndxe5 9. Bf4 Nxd3+ 10. Qxd3 Qf6 11. Nxc6 Qxf4 12. Nd4 Qe5+ 13. Nde2 Bd7
14. O-O Bd6 15. f4 Qf6 16. Nb5 Bc5+ 17. Kh1 O-O 18. f5 exf5 19. Qxd5 Bxb5 20.
Qxc5 Bxe2 21. Rxf5 Qxb2 22. Re1 Bg4 23. Rg5 Be6 24. c3 Qd2 25. Qe5 g6 26. Re2
Qd7 27. h3 Rae8 28. Qf6 Qd1+ 29. Kh2 Qxe2 30. h4 Bf5 31. Qxf5 Qc4 32. Rg4 Qxc3
33. h5 Qe5+ 34. Qxe5 Rxe5 35. h6 Ra5 36. a4 Re8 37. Rd4 Rh5+ 38. Kg3 Rxh6 0-1

[Event "2012 Alberta Open"]
[Site "Calgary"]
[Date "2012.10.06"]
[Round "1"]
[White "Porter, Patrick"]
[Black "Wu, Chenxi"]
[Result "1-0"]
[WhiteElo "1870"]
[BlackElo "1112"]
[PlyCount "51"]
[EventDate "2012.10.06"]
[EventType "swiss"]
[EventRounds "6"]
[EventCountry "CAN"]

1. e4 c5 2. Nf3 d6 3. d4 cxd4 4. Nxd4 g6 5. Nc3 Bg7 6. Bg5 Nc6 7. Bb5 Bd7 8.
Nb3 Nf6 9. Qd2 a6 10. Be2 Ne5 11. f4 Nc6 12. O-O-O Na5 13. e5 Nxb3+ 14. axb3
dxe5 15. fxe5 Ng4 16. Qxd7+ Qxd7 17. Rxd7 Nf2 18. Rxe7+ Kf8 19. Rf1 h6 20. Rxf2
hxg5 21. Rfxf7+ Kg8 22. Rxg7+ Kf8 23. Rgf7+ Kg8 24. Nd5 Rxh2 25. Nf6+ Kh8 26.
Rh7+ 1-0

[Event "2012 Alberta Open"]
[Site "Calgary"]
[Date "2012.10.06"]
[Round "1"]
[White "Scholz, Mike"]
[Black "Eshleman, Brandon"]
[Result "0-1"]
[WhiteElo "1303"]
[BlackElo "1933"]
[PlyCount "88"]
[EventDate "2012.10.06"]
[EventType "swiss"]
[EventRounds "6"]
[EventCountry "CAN"]

1. c4 Nf6 2. e3 g6 3. Be2 Bg7 4. Nf3 O-O 5. O-O c5 6. Nc3 Nc6 7. d3 d5 8. Rb1
e5 9. e4 d4 10. Nd5 h6 11. Nh4 Nh7 12. g3 g5 13. Nf5 Bxf5 14. exf5 Ne7 15.
Nxe7+ Qxe7 16. Bf3 Rab8 17. Be4 Nf6 18. Qf3 b5 19. Bd2 bxc4 20. dxc4 Nxe4 21.
Qxe4 Qb7 22. f3 Qxe4 23. fxe4 f6 24. Rf3 Rf7 25. Kf2 Rfb7 26. Bc1 Rb4 27. b3
Rxc4 28. Bd2 Rc2 29. Ke1 Rxa2 30. Kd1 c4 31. b4 c3 32. Bxc3 dxc3 33. Rxc3 Rxh2
34. Rcb3 Rh1+ 35. Kc2 Rxb1 36. Rxb1 Bf8 37. b5 Bc5 38. Kd3 Rd8+ 39. Kc4 Bb6 40.
Rh1 Kg7 41. Rb1 Rd4+ 42. Kb3 Rxe4 43. Ka2 Ra4+ 44. Kb3 Rg4 0-1

[Event "2012 Alberta Open"]
[Site "Calgary"]
[Date "2012.10.06"]
[Round "1"]
[White "Shi, Diwen"]
[Black "Zhang, Xuyuan"]
[Result "1-0"]
[WhiteElo "1844"]
[BlackElo "948"]
[PlyCount "85"]
[EventDate "2012.10.06"]
[EventType "swiss"]
[EventRounds "6"]
[EventCountry "CAN"]

1. e4 e5 2. Nf3 Nf6 3. Nxe5 Qe7 4. Nc4 Nxe4 5. Ne3 Qd8 6. Qe2 d5 7. d3 Nf6 8.
Nxd5+ Be6 9. Nf4 Qd7 10. g3 Be7 11. Nxe6 Qxe6 12. Qxe6 fxe6 13. Bh3 e5 14. O-O
Nc6 15. c3 Rd8 16. Rd1 a5 17. a4 Bc5 18. Na3 O-O 19. Be3 Bxe3 20. fxe3 e4 21.
d4 Nd5 22. Nc4 b6 23. Be6+ Kh8 24. Bxd5 Rxd5 25. Rf1 Rdf5 26. Rf4 Rxf4 27. exf4
g6 28. Re1 Re8 29. Ne5 Nxe5 30. fxe5 Kg7 31. Kf2 Rf8+ 32. Ke3 c6 33. Kxe4 Rf2
34. b4 axb4 35. cxb4 Rxh2 36. b5 cxb5 37. axb5 Rb2 38. Rf1 Rxb5 39. e6 Ra5 40.
e7 Ra8 41. Ke5 Ra2 42. e8=N+ Kh6 43. Kf6 1-0

[Event "2012 Alberta Open"]
[Site "Calgary"]
[Date "2012.10.06"]
[Round "1"]
[White "Wallbank, Andrew"]
[Black "Ma, Bryan"]
[Result "1-0"]
[WhiteElo "1808"]
[BlackElo "827"]
[PlyCount "63"]
[EventDate "2012.10.06"]
[EventType "swiss"]
[EventRounds "6"]
[EventCountry "CAN"]

1. e4 e5 2. f4 d6 3. Nf3 Bg4 4. Be2 exf4 5. O-O Nf6 6. Nc3 Nc6 7. d4 Qe7 8. Qd3
O-O-O 9. a3 Re8 10. d5 Nxe4 11. Qxe4 Qxe4 12. Nxe4 Rxe4 13. Bd3 Re8 14. dxc6
bxc6 15. Bxf4 d5 16. Ne5 Bc5+ 17. Kh1 Bh5 18. Ba6+ Kb8 19. Nxc6+ Ka8 20. b4 Re6
21. b5 Bg6 22. Nb4 Bxb4 23. axb4 Bxc2 24. Rac1 Bd3 25. Rfd1 Bc4 26. Bxc7 Rhe8
27. h3 R8e7 28. Bg3 Re8 29. Kh2 Bb3 30. Rf1 d4 31. Rc7 f6 32. Bb7+ 1-0

[Event "2012 Alberta Open"]
[Site "Calgary"]
[Date "2012.10.06"]
[Round "1"]
[White "Zhao, Ian"]
[Black "Toth, Brian"]
[Result "0-1"]
[WhiteElo "1103"]
[BlackElo "1857"]
[PlyCount "68"]
[EventDate "2012.10.06"]
[EventType "swiss"]
[EventRounds "6"]
[EventCountry "CAN"]

1. e4 e6 2. d4 d5 3. Nc3 Bb4 4. Bd3 dxe4 5. Bxe4 Nf6 6. Bg5 h6 7. Bxf6 Qxf6 8.
Nf3 O-O 9. Qd3 c5 10. dxc5 Rd8 11. Qe3 Nc6 12. Bxc6 bxc6 13. O-O Bxc3 14. bxc3
Ba6 15. Rfd1 Rd5 16. Rxd5 cxd5 17. Re1 Rc8 18. Qd4 Qe7 19. Ne5 Qxc5 20. Qxc5
Rxc5 21. Re3 Bb5 22. Nf3 Bc4 23. a3 Ra5 24. h3 Rxa3 25. Nd2 Ra1+ 26. Kh2 Bb5
27. Nb3 Ra2 28. Nd4 Bc4 29. Kg3 a5 30. Nc6 Bb5 31. Nd4 Bd7 32. Re2 Ra1 33. Kf3
Kf8 34. Ke3 e5 0-1

[Event "2012 Alberta Open"]
[Site "Calgary"]
[Date "2012.10.06"]
[Round "2"]
[White "Bentley, Bill"]
[Black "Neven, Knut"]
[Result "0-1"]
[WhiteElo "1900"]
[BlackElo "2227"]
[PlyCount "114"]
[EventDate "2012.10.06"]
[EventType "swiss"]
[EventRounds "6"]
[EventCountry "CAN"]

1. d4 Nf6 2. Nf3 g6 3. c4 Bg7 4. Nc3 d5 5. e3 O-O 6. Qb3 c6 7. Bd3 dxc4 8. Bxc4
b5 9. Be2 Be6 10. Qc2 Na6 11. O-O Nb4 12. Qd1 Nbd5 13. a3 Qb6 14. Bd2 a5 15.
Rc1 Rfd8 16. Bd3 Nxc3 17. Bxc3 Bd5 18. Qe2 Ne4 19. Rfd1 Rac8 20. Nd2 Nxc3 21.
bxc3 e5 22. c4 bxc4 23. Nxc4 Bxc4 24. Bxc4 exd4 25. Qf3 dxe3 26. Bxf7+ Kh8 27.
fxe3 Rxd1+ 28. Rxd1 Rf8 29. Rf1 Qc5 30. Qh3 Qd6 31. a4 c5 32. Bc4 Rxf1+ 33.
Bxf1 h6 34. Qf3 Kh7 35. Qe4 Qe5 36. Qxe5 Bxe5 37. g3 Kg7 38. Bd3 g5 39. Kf2 g4
40. Bf5 h5 41. h3 gxh3 42. Bxh3 Kf6 43. Kf3 c4 44. Bf1 c3 45. Bd3 Ke6 46. g4 h4
47. g5 h3 48. g6 Kd5 49. Kf2 Kc5 50. g7 Bxg7 51. Kg3 Kb4 52. Bc2 Ka3 53. Kxh3
Kb2 54. Bd3 c2 55. Bxc2 Kxc2 56. Kg4 Kb3 57. Kf5 Kxa4 0-1

[Event "2012 Alberta Open"]
[Site "Calgary"]
[Date "2012.10.06"]
[Round "2"]
[White "Bulga, Tamir"]
[Black "Louise, Samer"]
[Result "0-1"]
[WhiteElo "1294"]
[BlackElo "1795"]
[PlyCount "42"]
[EventDate "2012.10.06"]
[EventType "swiss"]
[EventRounds "6"]
[EventCountry "CAN"]

1. c4 c5 2. Nc3 Nc6 3. g3 Nf6 4. Bg2 e6 5. e3 d5 6. cxd5 exd5 7. d4 cxd4 8.
exd4 Bb4 9. Nge2 Bg4 10. f3 Bf5 11. a3 Ba5 12. O-O O-O 13. Qb3 Bb6 14. Rd1 h6
15. Na4 Re8 16. Nxb6 axb6 17. Nc3 Na5 18. Qb5 Bc2 19. Rf1 Bb3 20. Qb4 Bc4 21.
Na4 Nc6 0-1

[Event "2012 Alberta Open"]
[Site "Calgary"]
[Date "2012.10.06"]
[Round "2"]
[White "Ebrahim-Shirazi, Behrooz"]
[Black "Daniluk, Jim"]
[Result "1/2-1/2"]
[WhiteElo "2051"]
[BlackElo "2007"]
[PlyCount "132"]
[EventDate "2012.10.06"]
[EventType "swiss"]
[EventRounds "6"]
[EventCountry "CAN"]

1. d4 Nf6 2. c4 Nc6 3. Nc3 e5 4. d5 Ne7 5. e4 Ng6 6. a3 Bc5 7. h3 O-O 8. Nf3 a5
9. Rb1 d6 10. g3 Ne8 11. b4 Bb6 12. h4 h6 13. h5 Ne7 14. c5 axb4 15. cxb6 bxc3
16. Qb3 f5 17. Nh4 fxe4 18. Qxc3 c6 19. dxc6 Nxc6 20. Ng6 Rf3 21. Be3 Nd4 22.
Bg2 Rxa3 23. Qxc8 Rfxe3+ 24. fxe3 Rxe3+ 25. Kf1 Qf6+ 26. Kg1 Qf7 27. Kh2 Nf3+
28. Bxf3 exf3 29. Rbc1 Re2+ 30. Kh3 f2 31. Rhf1 Re1 32. Rfxe1 fxe1=Q 33. Rxe1
e4 34. Rc1 Kh7 35. Qc4 Qf5+ 36. Kg2 Qf3+ 37. Kh2 Qf2+ 38. Kh3 Qf5+ 39. Kh2 Qf2+
40. Kh1 Qf3+ 41. Kg1 Qxg3+ 42. Kf1 Qf3+ 43. Ke1 Qe3+ 44. Kd1 Qg1+ 45. Kc2 Qf2+
46. Kb3 Qxb6+ 47. Qb4 Qe3+ 48. Rc3 Qe1 49. Rc8 Qd1+ 50. Kb2 Qe2+ 51. Kb1 Qxh5
52. Rxe8 Qxg6 53. Qxe4 Qxe4+ 54. Rxe4 Kg6 55. Kc2 Kf5 56. Kd3 g5 57. Ke3 h5 58.
Rb4 d5 59. Rb5 Ke5 60. Rxb7 d4+ 61. Kd3 h4 62. Rb5+ Kf4 63. Rd5 Kf3 64. Rxg5 h3
65. Rh5 Kg2 66. Ke2 d3+ 1/2-1/2